1950 1368 1363 1201 1566 1528 1054 1497 1488 1457 1842 1005 1424 1090 1048 1519 1164 1844 1624 1292 1460 1493 1485 1903 1879 1615 1699 1473 1335 1973 1871 1382 1377 1562 1271 1189 1676 1246 1673 1132 1508 1272 1368 1329 1308 1087 1792 1213 1695 1168 1631 1698 1040 1467 1092 1264 1347 1808 1282 1419 1437 1769 1976 1396 1758 1637 1924 1694 1278 1678 1760 1972 1479 1823 1915 1351 1748 1580 1101 1395 1541 1247 1367 1429 1101 1016 1048 1970 1766 1289 1033 1031 1760 1506 1587 1721 1934 1593 1909 BCNSPRNW ULIB Ver.6.0+V

เปลี่ยนเป็นภาษาไทย

Change to English
 แสดงรายละเอียดบรรณานุกรม
  กลับหน้าหลัก

Brief Record : Get Marc (ISO 2709) : E-mail record : QR code < ปิดหน้าต่าง
LEADER : 00000nam a2200000 a 4500
001    13399113757
003     ULIB
008    011116s2011 us 000 0 eng d
020    ^a9780415801751
050  4 ^aHQ60^bH236
245 00 ^aHandbook of sexuality - related measures /^cedited by
250    ^a 3rd ed
260    ^aThousand Oaks :^bSage Publications,^c2011
300    ^axvi, 656 p.
650  0 ^aBirth control^xResearch^vHandbooks, manual, etc.
650  0 ^aHygiene, Sexual^xResearch^vHandbooks, manual, etc.
650  0 ^aSexual Behavior Surveys^vHandbook, manual, etc.
650  0 ^aSexology^xResearch
650  0 ^aQuestionnaires
700 1  ^aDavis, Clive M.,^eed.
945    ^p0^l0^i030889
995    ^a Kesorn
999 ^a ใช้งานได้ทุกระบบ
รายการนี้ยังไม่มีแท็ก
คุณยังไม่ได้ล็อกอิน คุณสามารถมีกิจกรรมร่วมกับเว็บไซต์ได้ แต่ต้องล็อกอินก่อน ::
  ล็อกอิน

รายการสื่อสารสนเทศ

ลำดับที่ ประเภท เลขเรียก/บาร์โค้ด สถานที่ สถานะ
- ไม่พบข้อมูล -

BibComment


ยังไม่เคยถูกคอมเมนท์

คอมเมนท์ทรัพยากรรายการนี้
  คอมเมนท์: Handbook of sexu..


 Copyright 2026. Bcnsprnw @Library